000 00249nam a22001217a 4500
999 _c13309
_d13309
020 _a969-428-060-5
082 _a297
_b10391
100 _aMukhtar Badri
245 _aIslam
260 _aKarachi
_bDaar Ul Ishaat
_c2004
300 _a392
942 _cBK